LEADER 01006nam--2200265---450 001 9911032877703321 005 20251014100234.0 100 $a20251013d1898----km-y0itay50------ba 101 0 $afre 102 $aFR 105 $aaf------001yy 200 1 $aDe la double réfraction elliptique et de la tétraréfringence du quartz dans le voisinage de l'axe$fpar G. Quesneville 210 $aParis$cGauthier-Villars et fils$d1898 215 $aXIV, 361 p., II c. di tav.$cill.$d24 cm 610 0 $aRifrazione 676 $a535.324$v23$zita 700 1$aQuesneville,$bGeorges$01851538 801 0$aIT$bUNINA$gREICAT$2UNIMARC 856 4 $zVisualizza la versione elettronica in EROMM$uhttps://archive.org/details/deladoublerfrac00quesgoog/page/n5/mode/2up$e20210202 901 $aBK 912 $a9911032877703321 952 $aM 2 V 17$b25943$fNAP14 959 $aNAP14 996 $aDe la double réfraction elliptique et de la tétraréfringence du quartz dans le voisinage de l'axe$94445341 997 $aUNINA